MARC details
| 000 -CABECERA |
| campo de control de longitud fija |
02146nam a22003017a 4500 |
| 003 - IDENTIFICADOR DEL NÚMERO DE CONTROL |
| campo de control |
DO-SdBNP |
| 005 - FECHA Y HORA DE LA ÚLTIMA TRANSACCIÓN |
| campo de control |
20220316114054.0 |
| 007 - CAMPO FIJO DE DESCRIPCIÓN FÍSICA--INFORMACIÓN GENERAL |
| campo de control de longitud fija |
ta |
| 008 - DATOS DE LONGITUD FIJA--INFORMACIÓN GENERAL |
| campo de control de longitud fija |
220204b19611977mx a|||f |||| 000 0 spa d |
| 040 ## - FUENTE DE LA CATALOGACIÓN |
| Centro catalogador/agencia de origen |
DO-SdBNP |
| Lengua de catalogación |
spa |
| Centro/agencia transcriptor |
BNPHU |
| 082 #4 - NÚMERO DE LA CLASIFICACIÓN DECIMAL DEWEY |
| Número de clasificación |
370.15 |
| Número de documento/Ítem |
K637p |
| Número de edición |
22 |
| 100 1# - ENTRADA PRINCIPAL--NOMBRE DE PERSONA |
| Nombre de persona |
Klausmeier, Herbert J. |
| 9 (RLIN) |
81136 |
| 240 1# - TÍTULO UNIFORME |
| Título uniforme |
Learning and human abilities: educational psychology |
| Lenguaje de la obra |
Español |
| 245 10 - MENCIÓN DE TÍTULO |
| Título |
Psicología educativa : |
| Resto del título |
habilidades humanas y aprendizaje / |
| Mención de responsabilidad, etc. |
Herbert J. Klausmeier, William Goodwin ; traducción Jesús Villamizar Herrera |
| 260 ## - PUBLICACIÓN, DISTRIBUCIÓN, ETC. |
| Lugar de publicación, distribución, etc. |
México, D. F. : |
| Nombre del editor, distribuidor, etc. |
Harla, |
| Fecha de publicación, distribución, etc. |
1977. |
| 300 ## - DESCRIPCIÓN FÍSICA |
| Extensión |
527 p. : |
| Otras características físicas |
il., grafcs. ; |
| Dimensiones |
24 cm |
| 500 ## - NOTA GENERAL |
| Nota general |
Incluye índice |
| 500 ## - NOTA GENERAL |
| Nota general |
Incluye indice de autores. |
| 504 ## - NOTA DE BIBLIOGRAFÍA, ETC. |
| Nota de bibliografía, etc. |
Bibliografía : p. 492-511. |
| 505 0# - NOTA DE CONTENIDO CON FORMATO |
| Nota de contenido con formato |
Capítulo. 1. |
| Título |
El aprendizaje y la enseñanza --<br/> |
| Información miscelánea |
Capítulo 2. |
| Título |
Principios y condiciones del aprendizaje -- |
| Información miscelánea |
Capitulo 3. |
| Título |
Habilidades humanas -- |
| Información miscelánea |
Capitulo 4. |
| Título |
Objetivos de la educación y de la enseñanza |
| Información miscelánea |
Capitulo 5. |
| Título |
Material didáctico y su tecnología |
| Información miscelánea |
Capítulo 6. |
| Título |
Desarrollo y variabilidad del niño -- |
| Información miscelánea |
Capitulo 7. |
| Título |
Características de los profesores e interacciones con los estudiantes -- |
| Información miscelánea |
Capitulo 8. |
| Título |
Funciones del educador y sus relaciones con diferentes grupos -- |
| Información miscelánea |
Capitulo 9. |
| Título |
Motivación -- |
| Información miscelánea |
Capitulo 10. |
| Título |
Información fáctica y conocimiento -- |
| Información miscelánea |
Capitulo 11. |
| Título |
Conceptos y principios -- |
| Información miscelánea |
Capitulo 12. |
| Título |
Soluciones de problemas y creatividad -- |
| Información miscelánea |
Capitulo 13. |
| Título |
Destrezas psicomotoras y vocales -- |
| Información miscelánea |
Capitulo 14. |
| Título |
Actitudes y valores -- |
| Información miscelánea |
Capitulo 15. |
| Título |
Integración de la personalidad y disciplina -- |
| Información miscelánea |
Capitulo 16. |
| Título |
Retención y transferencia -- |
| Información miscelánea |
Capitulo 17. |
| Título |
Medición educativa y psicología -- |
| Información miscelánea |
Capitulo 18. |
| Título |
Evaluación aprendizaje de los estudiantes y de los programas de enseñanza |
| Información miscelánea |
Capitulo 19. |
| Título |
Estadística y diseño de investigación |
| 590 ## - NOTA LOCAL (RLIN) |
| Nota local |
Inventariado, 2022 / SA |
| 590 ## - NOTA LOCAL (RLIN) |
| Nota local |
Perteneció a la biblioteca personal de Barbara Suncar |
| 650 #4 - PUNTO DE ACCESO ADICIONAL DE MATERIA--TÉRMINO DE MATERIA |
| Término de materia o nombre geográfico como elemento de entrada |
Psicopedagogía |
| 9 (RLIN) |
81137 |
| 700 1# - PUNTO DE ACCESO ADICIONAL--NOMBRE DE PERSONA |
| 9 (RLIN) |
47622 |
| Nombre de persona |
Goodwin, William |
| 700 1# - PUNTO DE ACCESO ADICIONAL--NOMBRE DE PERSONA |
| 9 (RLIN) |
47622 |
| Nombre de persona |
Villamizar Herrera, Jesús, |
| Término indicativo de función/relación |
tr. |
| 910 ## - DATOS DE OPCIÓN DEL USUARIO (OCLC) |
| Datos de opción del usuario |
Saquino/Validado, 2022/MFF |
| 942 ## - ELEMENTOS DE PUNTO DE ACCESO ADICIONAL (KOHA) |
| Fuente del sistema de clasificación o colocación |
Dewey Decimal Classification |
| Tipo de ítem Koha |
Libro |